Observations sur le bourdonnement électrique des montagnes / (Record no. 108122)

MARC details
000 -LEADER
campo de control de longitud fija 00628nam a2200169 i 4500
001 - NÚMERO DE CONTROL
campo de control 108122
003 - IDENTIFICADOR DE NÚMERO DE CONTROL
campo de control ES-MaACL
007 - CAMPO FIJO DE DESCRIPCIÓN FÍSICA--INFORMACIÓN GENERAL
campo de control de longitud fija t|
008 - DATOS DE LONGITUD FIJA--INFORMACIÓN GENERAL
campo de control de longitud fija 070123s1868 fr ||||1| fre d
100 1# - ENTRADA PRINCIPAL--NOMBRE DE PERSONA
Nombre de persona Saussure, Henri de.
9 (RLIN) 104018
245 10 - MENCIÓN DEL TÍTULO
Título Observations sur le bourdonnement électrique des montagnes /
Mención de responsabilidad, etc. par Henri de Saussure.
260 ## - PUBLICACIÓN, DISTRIBUCIÓN, ETC.
Lugar de publicación, distribución, etc. [S.l. :
Nombre del editor, distribuidor, etc. s.n.,
Fecha de publicación, distribución, etc. 1868?]
300 ## - DESCRIPCIÓN FÍSICA
Extensión 13 p. ;
Dimensiones 23 cm.
500 ## - NOTA GENERAL
Nota general Al final del texto: Tiré des Archives des Sciences de la Bibliothèque Universelle, Janvier 1868.
500 ## - NOTA GENERAL
Nota general Legado Federico de Botella y de Hornos.
852 ## - LOCALIZACIÓN
Ubicación ES-MaACL
Número de control de estantería B-7987(3)
condición física . - Encuadernado con otras obras
Holdings
Estatus retirado Estado de pérdida Estado de daño No para préstamo Colección Biblioteca de origen Biblioteca actual Ubicación en estantería Fecha de adquisición Fuente de adquisición Total de préstamos Signatura topográfica completa Código de barras Visto por última vez Precio de reemplazo Tipo de ítem Koha
        Libros del s. XIX Biblioteca del Ateneo de Madrid Biblioteca del Ateneo de Madrid Sala Pardo Bazán 17/01/2008     B-7987(3) 1112827 23/02/2023 23/02/2023 Libro impreso antiguo